000
00287nam a22001097a 4500
008
160613b xxu||||| |||| 00| 0 eng d
020
_a
1567931944
041
_a
eng
080
_a
618.2
245
_a
Ra for the cnursing sbortage:
_c
Julie W. Schaffner; Patti Ludwig Beymer;
942
_2
udc
_c
BK
999
_c
2465
_d
2465